| 000 | 00587nam a2200229Ia 4500 | ||
|---|---|---|---|
| 003 | OSt | ||
| 005 | 20220928125249.0 | ||
| 006 | a|||||r|||| 00| 0 | ||
| 007 | ta | ||
| 008 | 220927b |||||||| |||| 00| 0 eng d | ||
| 024 | _a45515 | ||
| 037 | _cTextual | ||
| 040 |
_aSDCL _cSDCL _beng |
||
| 041 |
_2eng _aeng |
||
| 082 | _aX:(B), L8 | ||
| 100 |
_aGujarati Damodar _9469032 |
||
| 245 | 0 | _aBasic econometrics. | |
| 260 |
_aNew York _b McGraw-Hill _c1978 |
||
| 300 |
_axvii,462p _ccm. |
||
| 942 |
_hX:(B), L8 _cTEXL _2CC |
||
| 999 |
_c781727 _d781727 |
||